000 00559 a2200217 4500
001 112518
020 _a9781426311970 (pbk.)
041 _apor
090 _aP Year 4 590
245 1 0 _aCreepy, crawly collection.
250 _a. ed.
300 _a1 v. (various pagings)
490 _aNational geographic kids
697 _aAnimals
697 _aReaders (Elementary)
830 _aNational geographic kids
856 _u000021/00002178.jpg
040 _aBR-BrIDEA
_cBR-BrIDEA
260 _a[S.l.]
_bNational Geographic Society
_c2012
942 _cBK
999 _c112518
_d112518